[Event "HUN-chT2 Szechenyi 1819"]
[Site "Hungary"]
[Date "2018.10.28"]
[Round "1.11"]
[White "Kertesz, Zsolt1111"]
[Black "Matyi, Attila"]
[Result "1/2-1/2"]
[WhiteElo "1877"]
[BlackElo "1714"]
[PlyCount "69"]
[EventDate "2018.10.28"]
[EventType "team-tourn"]
[EventRounds "9"]
[EventCountry "HUN"]
[SourceTitle "EXT 2021"]
[Source "ChessBase"]
[SourceDate "2020.10.23"]
[SourceVersion "1"]
[SourceVersionDate "2020.10.23"]
[SourceQuality "1"]
[WhiteTeam "Csuti Baki Agrocentrum"]
[BlackTeam "Veszprem Ezust Huszar"]
[WhiteTeamCountry "HUN"]
[BlackTeamCountry "HUN"]

1. d4 b6 2. c4 Bb7 3. Nc3 e6 4. d5 Bb4 5. e4 exd5 6. cxd5 Qe7 7. Qd4 Nf6 8. Bg5 Qxe4+ 9. Qxe4+ Nxe4 10. Bd2 Nxd2 11. Kxd2 Bxd5 12. Re1+ Be6 13. a3 Bxc3+ 14. Kxc3 0-0 15. Bc4 d5 16. Bd3 c5 17. Nf3 h6 18. h3 Nd7 19. Bb5 Nf6 20. Bd3 d4+ 21. Kd2 g6 22. Bxg6 fxg6 23. Rxe6 Rae8 24. Rhe1 Rxe6 25. Rxe6 Kf7 26. Re2 Nd7 27. Nh4 Kf6 28. Kd3 Rf7 29. f4 g5 30. fxg5+ Kxg5 31. g3 Nf8 32. Re5+ Kf6 33. Rh5 Kg7 34. Nf5+ Kg6 35. g4 1/2-1/2

[Event "HUN-chT2 Szechenyi 1718"]
[Site "Hungary"]
[Date "2018.03.25"]
[Round "8.8"]
[White "Matyi, Attila"]
[Black "Csaba, Arpad Jr"]
[Result "1/2-1/2"]
[WhiteElo "1665"]
[BlackElo "2051"]
[PlyCount "53"]
[EventDate "2017.10.29"]
[EventType "team-tourn"]
[EventRounds "9"]
[EventCountry "HUN"]
[SourceTitle "EXT 2021"]
[Source "ChessBase"]
[SourceDate "2020.10.23"]
[SourceVersion "1"]
[SourceVersionDate "2020.10.23"]
[SourceQuality "1"]
[WhiteTeam "Veszprem Ezust Huszar"]
[BlackTeam "Ajka Banyasz"]
[WhiteTeamCountry "HUN"]
[BlackTeamCountry "HUN"]

1. Nf3 e6 2. c4 f5 3. d4 Nf6 4. Nc3 d5 5. e3 c6 6. Be2 Bd6 7. b3 Qe7 8. 0-0 0-0 9. Bb2 Nbd7 10. Rc1 Ne4 11. Nd2 Ndf6 12. Qc2 Nxc3 13. Bxc3 e5 14. dxe5 Bxe5 15. Bxe5 Qxe5 16. Nf3 Qe7 17. cxd5 Nxd5 18. Bc4 Kh8 19. Bxd5 cxd5 20. Rfd1 f4 21. exf4 Bf5 22. Qc7 Qa3 23. Qxb7 Be4 24. Ng5 Qxa2 25. Ne6 Rg8 26. Ng5 Rgf8 27. Ne6 1/2-1/2

[Event "HUN-chT2 Szechenyi 1718"]
[Site "Hungary"]
[Date "2017.10.29"]
[Round "1.10"]
[White "Matyi, Attila"]
[Black "Suket, Mark"]
[Result "0-1"]
[WhiteElo "1665"]
[BlackElo "1764"]
[PlyCount "58"]
[EventDate "2017.10.29"]
[EventType "team-tourn"]
[EventRounds "9"]
[EventCountry "HUN"]
[SourceTitle "EXT 2021"]
[Source "ChessBase"]
[SourceDate "2020.10.23"]
[SourceVersion "1"]
[SourceVersionDate "2020.10.23"]
[SourceQuality "1"]
[WhiteTeam "Veszprem Ezust Huszar"]
[BlackTeam "Keszthely Spartacus"]
[WhiteTeamCountry "HUN"]
[BlackTeamCountry "HUN"]

1. c3 d5 2. g3 e5 3. Bg2 c6 4. d4 e4 5. Nh3 f5 6. 0-0 Nf6 7. f3 Be7 8. fxe4 fxe4 9. Nd2 Bg4 10. Nb3 Nbd7 11. Qc2 0-0 12. Nf4 Nh5 13. Bd2 Nxf4 14. Bxf4 g5 15. Be3 Nb6 16. Na5 Nd7 17. Nxb7 Qb6 18. Nc5 Nxc5 19. dxc5 Bxc5 20. Bxc5 Qxc5+ 21. Kh1 Rf2 22. b4 Qe3 23. Rxf2 Qxf2 24. Qd2 h6 25. Re1 Rf8 26. Qd1 Rf7 27. h3 Qxg3 28. hxg4 Rf2 29. Rg1 Qh4+ 0-1

[Event "HUN-chT2 Szechenyi 1617"]
[Site "Hungary"]
[Date "2016.11.27"]
[Round "5.9"]
[White "Matyi, Attila"]
[Black "Koloditsova, Renata"]
[Result "1/2-1/2"]
[WhiteElo "1632"]
[BlackElo "1942"]
[PlyCount "96"]
[EventDate "2016.09.25"]
[EventType "team-tourn"]
[EventRounds "11"]
[EventCountry "HUN"]
[SourceTitle "EXT 2021"]
[Source "ChessBase"]
[SourceDate "2020.10.23"]
[SourceVersion "1"]
[SourceVersionDate "2020.10.23"]
[SourceQuality "1"]
[WhiteTeam "Veszprem Ezust Huszar"]
[BlackTeam "Haladas Szombathely III"]
[WhiteTeamCountry "HUN"]
[BlackTeamCountry "HUN"]

1. Nf3 d5 2. c4 c6 3. b3 Nf6 4. Bb2 Bf5 5. e3 e6 6. Be2 h6 7. 0-0 Nbd7 8. d4 Bd6 9. Nc3 0-0 10. h3 Ne4 11. Rc1 Qf6 12. Bd3 Rad8 13. Qe2 Rfe8 14. Bb1 Bg6 15. Nxe4 Bxe4 16. Bxe4 dxe4 17. Nd2 Qg6 18. f4 f5 19. c5 Bc7 20. Nc4 Nf6 21. Kf2 Nd5 22. a3 Qf6 23. g3 g5 24. Rg1 Kf7 25. Qh5+ Qg6 26. Qxg6+ Kxg6 27. h4 Rg8 28. hxg5 hxg5 29. Rh1 Rh8 30. Rcg1 Rdg8 31. Ne5+ Bxe5 32. dxe5 Rd8 33. Bd4 Nc7 34. a4 Na6 35. Kg2 Nb4 36. Rxh8 Rxh8 37. Rh1 Rd8 38. Rc1 Nd3 39. Rh1 g4 40. Rb1 Nb4 41. Rh1 Nc2 42. Rb1 Nxd4 43. Rd1 b6 44. b4 bxc5 45. bxc5 Rd7 46. Rxd4 Rxd4 47. exd4 Kf7 48. a5 Ke7 1/2-1/2

[Event "HUN-chT2 Szechenyi 1516"]
[Site "Hungary"]
[Date "2016.03.20"]
[Round "9.11"]
[White "Horvath, Soma"]
[Black "Matyi, Attila"]
[Result "1/2-1/2"]
[WhiteElo "1663"]
[BlackElo "1620"]
[PlyCount "100"]
[EventDate "2015.09.13"]
[EventType "team-tourn"]
[EventRounds "11"]
[EventCountry "HUN"]
[SourceTitle "EXT 2017"]
[Source "ChessBase"]
[SourceDate "2016.10.25"]
[SourceVersion "1"]
[SourceVersionDate "2016.10.25"]
[SourceQuality "1"]
[WhiteTeam "HVSE Infraplan"]
[BlackTeam "Ezust Huszar"]
[WhiteTeamCountry "HUN"]
[BlackTeamCountry "HUN"]

1. e4 e5 2. Nf3 d6 3. d4 exd4 4. Nxd4 Nf6 5. Nc3 Be7 6. Bc4 0-0 7. 0-0 Nbd7 8. f4 c6 9. Kh1 Nc5 10. Bd3 Re8 11. Nf3 Qc7 12. Be3 d5 13. exd5 Nxd5 14. Nxd5 cxd5 15. g3 Bf6 16. Bd4 Bxd4 17. Nxd4 Ne4 18. Bxe4 dxe4 19. Re1 b6 20. Re3 Bb7 21. c3 Rad8 22. Qe2 Bc8 23. Kg1 f5 24. Rd1 Be6 25. Nb5 Qc5 26. Nd4 Bxa2 27. b4 Qd5 28. Ra1 Bc4 29. Qh5 g6 30. Qd1 a6 31. Kf2 Rc8 32. Ke1 Bd3 33. Kd2 Rxc3 34. Kxc3 Rc8+ 35. Kd2 Qxd4 36. Rxd3 Qxd3+ 37. Ke1 Qe3+ 38. Kf1 Qc3 39. Qd5+ Kf8 40. Qd6+ Kg7 41. Qe7+ Kh8 42. Re1 a5 43. bxa5 bxa5 44. Re3 Qd4 45. Qe6 Rc1+ 46. Kg2 Rc7 47. Re1 a4 48. Kh3 a3 49. Rc1 Rd7 50. Rc8+ Rd8 1/2-1/2

[Event "HUN-chT2 Szechenyi 1516"]
[Site "Hungary"]
[Date "2016.02.28"]
[Round "8.11"]
[White "Matyi, Attila"]
[Black "Havasi, Jozsef"]
[Result "1-0"]
[WhiteElo "1620"]
[BlackElo "1773"]
[PlyCount "96"]
[EventDate "2015.09.13"]
[EventType "team-tourn"]
[EventRounds "11"]
[EventCountry "HUN"]
[SourceTitle "EXT 2017"]
[Source "ChessBase"]
[SourceDate "2016.10.25"]
[SourceVersion "1"]
[SourceVersionDate "2016.10.25"]
[SourceQuality "1"]
[WhiteTeam "Ezust Huszar"]
[BlackTeam "Sarvar"]
[WhiteTeamCountry "HUN"]
[BlackTeamCountry "HUN"]

1. e4 e5 2. Nf3 Nc6 3. Bb5 d6 4. c3 Bg4 5. d3 a6 6. Ba4 b5 7. Bc2 h6 8. Nbd2 Nge7 9. Nf1 Ng6 10. h3 Bxf3 11. Qxf3 Be7 12. Ne3 0-0 13. 0-0 Bg5 14. Nf5 Bxc1 15. Raxc1 Qf6 16. Bb3 Kh7 17. Bd5 Na7 18. Bxa8 Rxa8 19. d4 Nc6 20. Qe3 Nf4 21. Kh2 g6 22. Ng3 h5 23. Ne2 Nxe2 24. Qxe2 Re8 25. d5 Na5 26. b3 Ra8 27. g3 Nb7 28. f4 Rf8 29. Rf3 exf4 30. Rxf4 Qe5 31. Rcf1 f5 32. Qc2 Kh6 33. exf5 g5 34. Re4 Qxd5 35. Re6+ Qxe6 36. fxe6 Rxf1 37. Qe2 Rf8 38. e7 Re8 39. Qe6+ Kg7 40. b4 a5 41. Qd5 axb4 42. cxb4 Rxe7 43. Qxb7 Kf6 44. Qxb5 Re5 45. Qc4 c5 46. b5 Rf5 47. b6 Rf2+ 48. Kg1 Rb2 1-0

[Event "HUN-chT2 Szechenyi 1516"]
[Site "Hungary"]
[Date "2015.10.18"]
[Round "3.11"]
[White "Haasz, Gyula"]
[Black "Matyi, Attila"]
[Result "1/2-1/2"]
[WhiteElo "1688"]
[BlackElo "1584"]
[PlyCount "48"]
[EventDate "2015.09.13"]
[EventType "team-tourn"]
[EventRounds "11"]
[EventCountry "HUN"]
[SourceTitle "CBM 170 Extra"]
[Source "ChessBase"]
[SourceDate "2016.02.25"]
[SourceVersion "1"]
[SourceVersionDate "2016.02.25"]
[SourceQuality "1"]
[WhiteTeam "Csuti Baki Agrocentrum"]
[BlackTeam "Ezust Huszar"]
[WhiteTeamCountry "HUN"]
[BlackTeamCountry "HUN"]

1. Nf3 Nf6 2. d3 d5 3. Bg5 e6 4. Nbd2 Be7 5. c4 b6 6. Ne5 0-0 7. Ndf3 Bb7 8. Rc1 Nbd7 9. cxd5 Nxe5 10. Nxe5 Bb4+ 11. Bd2 Nxd5 12. a3 Bxd2+ 13. Qxd2 c5 14. e4 Nc7 15. Be2 Nb5 16. Nf3 Nd4 17. Nxd4 Qxd4 18. 0-0 Ba6 19. Rc3 Rfd8 20. Qe3 g6 21. Rd1 Rd7 22. Qxd4 Rxd4 23. f4 Rad8 24. Kf2 R8d7 1/2-1/2

[Event "HUN-chT2 Szechenyi 1415"]
[Site "Hungary"]
[Date "2014.09.21"]
[Round "2.9"]
[White "Matyi, Attila"]
[Black "Havasi, Jozsef"]
[Result "1/2-1/2"]
[WhiteElo "1557"]
[BlackElo "1845"]
[PlyCount "123"]
[EventDate "2014.09.07"]
[EventType "team-tourn"]
[EventRounds "11"]
[EventCountry "HUN"]
[SourceTitle "EXT 2016"]
[Source "ChessBase"]
[SourceDate "2015.10.08"]
[SourceVersion "1"]
[SourceVersionDate "2015.10.08"]
[SourceQuality "1"]
[WhiteTeam "Veszprem"]
[BlackTeam "Sarvar"]
[WhiteTeamCountry "HUN"]
[BlackTeamCountry "HUN"]

1. Nf3 f5 2. c4 e5 3. Nxe5 Qf6 4. d4 c6 5. e3 g6 6. b3 d6 7. Nd3 Bg7 8. Bb2 Qf7 9. Nd2 Nh6 10. Be2 0-0 11. 0-0 Nd7 12. Qc2 Nf6 13. Nf4 g5 14. Nd3 Bd7 15. b4 Rae8 16. Bc3 f4 17. Rae1 fxe3 18. fxe3 Rxe3 19. Bh5 Qe7 20. Bd1 Bf5 21. Qb1 Bxd3 22. Qxd3 Rxe1 23. Bc2 Rxf1+ 24. Nxf1 Ne4 25. Qxe4 Qxe4 26. Bxe4 Ng4 27. h3 Nf6 28. Bf3 h6 29. Ng3 Ne8 30. Kf2 c5 31. bxc5 dxc5 32. Ke3 Bxd4+ 33. Bxd4 cxd4+ 34. Kxd4 b6 35. c5 Rf4+ 36. Kd5 Nf6+ 37. Kd6 bxc5 38. Kxc5 Kg7 39. Kb5 Kg6 40. a4 h5 41. Ne2 Rf5+ 42. Ka6 g4 43. hxg4 hxg4 44. Bc6 Rf2 45. Nd4 Rd2 46. Nb5 Rc2 47. Nxa7 Kg5 48. Kb6 Nh5 49. Nb5 Nf4 50. a5 Nxg2 51. a6 Ne3 52. a7 Ra2 53. a8Q Rxa8 54. Bxa8 Kf4 55. Nd4 Nc4+ 56. Kc5 Ne5 57. Kd6 Nc4+ 58. Kc5 Ne3 59. Bb7 Nd1 60. Kc4 Nf2 61. Bc8 g3 62. Ne2+ 1/2-1/2